Statistics for Three Letter Words in Country Names #2

Click here to take the quiz!

General Stats

  • This quiz has been taken 261 times
  • The average score is 9 of 18

Answer Stats

WordCountry% Correct
ARMArmenia
91%
JAMJamaica
87%
ICEIceland
86%
SPASpain
83%
LITLithuania
82%
COSCosta Rica
58%
DOSBarbados
55%
WITSwitzerland
52%
CAPCape Verde
51%
OLDMoldova
43%
TARQatar
42%
PINPhilippines
35%
GENArgentina
32%
TUGPortugal
32%
BAGTrinidad and Tobago
28%
BATKiribati
26%
GASMadagascar
22%
GAPSingapore
21%

Score Distribution

Percentile by Number Answered

Percent of People with Each Score

Your Score History

You have not taken this quiz